China and the Christian impace (Record no. 1078987)

MARC details
000 -LEADER
fixed length control field 00870nam a2200313Ia 4500
003 - CONTROL NUMBER IDENTIFIER
control field OSt
005 - DATE AND TIME OF LATEST TRANSACTION
control field 20221006144118.0
008 - FIXED-LENGTH DATA ELEMENTS--GENERAL INFORMATION
fixed length control field 221006b |||||||| |||| 00| 0 eng d
020 ## - INTERNATIONAL STANDARD BOOK NUMBER
International Standard Book Number 0521266815
020 ## - INTERNATIONAL STANDARD BOOK NUMBER
International Standard Book Number 521313198
037 ## - SOURCE OF ACQUISITION
Terms of availability Textual
040 ## - CATALOGING SOURCE
Original cataloging agency EASL
Transcribing agency EASL
Language of cataloging eng
041 ## - LANGUAGE CODE
Source of code eng
Language code of text/sound track or separate title eng
100 ## - MAIN ENTRY--PERSONAL NAME
Personal name GERNET Jacques
245 #0 - TITLE STATEMENT
Title China and the Christian impace
Remainder of title A conflict of cultures
260 ## - PUBLICATION, DISTRIBUTION, ETC.
Place of publication, distribution, etc. Cambridge
Name of publisher, distributor, etc. Cambridge University Press
Date of publication, distribution, etc. 1985
300 ## - PHYSICAL DESCRIPTION
Extent 310p.
Dimensions cm.
490 ## - SERIES STATEMENT
Volume/sequential designation CEL
650 ## - SUBJECT ADDED ENTRY--TOPICAL TERM
Topical term or geographic name entry element CEL
650 ## - SUBJECT ADDED ENTRY--TOPICAL TERM
Topical term or geographic name entry element China - religion
9 (RLIN) 591037
650 ## - SUBJECT ADDED ENTRY--TOPICAL TERM
Topical term or geographic name entry element Christianity - China
9 (RLIN) 650885
700 ## - ADDED ENTRY--PERSONAL NAME
Personal name LLOYD Janet Tr.
942 ## - ADDED ENTRY ELEMENTS (KOHA)
Classification part Q60gV41, M5
Koha item type Textual
Source of classification or shelving scheme Colon Classification (CC)
Holdings
Withdrawn status Lost status Source of classification or shelving scheme Damaged status Not for loan Home library Current library Date acquired Cost, normal purchase price Serial Enumeration / chronology Total Checkouts Full call number Barcode Date last seen Cost, replacement price Price effective from Koha item type
    Colon Classification (CC)     Department of East Asian Studies Library Department of East Asian Studies Library 2022-10-06 525.00 CEL   Q60gV41 M5 EA0791815 2022-10-06 525.00 2022-10-06 Textual
Copyright @ Delhi University Library System